000 00315nam a22001457a 4500
008 230329b ||||| |||| 00| 0 eng d
020 _a556158
041 _aeng
080 _a62
082 _a62KIS
100 _a19
101 _aMEKATRO
245 _aSURVEYING FOR CIVIL ENGINEERS
_cKISSAM.P
942 _2udc
_cBK
999 _c59470
_d59470